Minecraft niveau expert - Statistiques

Statistiques générales
  • Ce quiz a été pris 209 fois
  • Le résultat moyen est 4 sur 12
Statistiques - réponses
Question Réponse % Correct
Combien y a-t-il d’enclumes ? 3
87%
En quel langage est codé Minecraft Bedrock ? C++
67%
Combien d’objets peut on faire cuire avec un seau de lave ? 100
65%
Combien y a-t-il de types de fleurs ? 13
62%
Quel est le bloc le plus sombre ? Le béton noir
32%
Quel est le mob complètement inutile ? La chauve-souris
27%
Comment appel-t-on les «chunks» en français ? Tronçons
25%
Combien de minutes dure le film minecraft ? 101
14%
Quel est le monstre qui fait le plus de dégâts ? Creeper chargé
9%
Que donne la fameuse réplique du film « I am Steve » en VF ? Moi ? Moi c’est Steve !
6%
Qu’est ce qui est rond ? L’ombre
4%
Quelle est la particularité de la TNT ? C’est un bloc et une entité
1%
Aucun quiz correspondant
Distribution des résultats
% des personnes avec chaque résultat
Percentile par nombre de réponses
Votre historique - résultats
Vous n’avez pas pris ce quiz